6 biggest cities of Quebec - Statistics

General Stats
  • This quiz has been taken 24 times
  • The average score is 3 of 6
Answers on the Grid
Answers color-coded by a green-red scale on the quiz's grid according to % correct below.
Trois-rivière
Quebec city
Saint-jérôme
Montréal
Lévis
Sept-île
Blainville
Gatineau
Rimouski
Percé
Laval
Val-d'or
Rouyn noranda
Alma
Saguenay
Granby
Brossard
Drummondville
Repentigny
Longueil
Saint-hyacinthe
Shawinigan
Sherbrooke
Victoriaville
Sorel-tracy
Thetford mines
Saint-jean-sur-richelieu
Mirabel
Magog
L'assomption
 
Answer Stats
Answer % Correct
Quebec city
92%
Montréal
77%
Laval
31%
Longueil
31%
Gatineau
15%
Sherbrooke
15%
No matching quizzes found
Score Distribution
Percent of People with Each Score
Percentile by Number Answered
Your Score History
You have not taken this quiz